Statistics for Pro Sports Teams by Original City and Nickname

Click here to take the quiz!

General Stats

  • This quiz has been taken 49 times
  • The average score is 20 of 56

Answer Stats

HintCityLeague% Correct
Minnesota North StarsDallasNHL
79%
Minneapolis LakersLos AngelesNBA
74%
Florida MarlinsMiamiMLB
72%
Atlanta FlamesCalgaryNHL
70%
Ft. Wayne PistonsDetroitNBA
70%
Vancouver GrizzliesMemphisNBA
67%
New Orleans JazzUtahNBA
67%
San Diego RocketsHoustonNBA
63%
Philadelphia WarriorsGolden StateNBA
60%
Boston PatriotsNew EnglandNFL
60%
Montreal ExposWashingtonMLB
60%
Chicago CardinalsArizonaNFL
58%
Baltimore ColtsIndianapolisNFL
58%
Philadelphia AthleticsOaklandMLB
56%
Boston RedskinsWashingtonNFL
56%
Cleveland RamsLos AngelesNFL
53%
Charlotte HornetsNew OrleansNBA
51%
Seattle SuperSonicsOklahoma CityNBA
51%
Cleveland BrownsBaltimoreNFL
49%
Oakland RaidersLas VegasNFL
49%
Houston OilersTennesseeNFL
44%
Hartford WhalersCarolinaNHL
42%
Cincinnati Red StockingsCincinnatiMLB
42%
Houston Colt .45sHoustonMLB
42%
Toronto Hockey ClubTorontoNHL
42%
Quebec NordiquesColoradoNHL
35%
Atlanta ThrashersWinnipegNHL
35%
Boston AmericanBostonMLB
33%
Chicago White Stockings (1st edition)ChicagoMLB
33%
Detroit CougarsDetroitNHL
33%
St. Louis Brown StockingsSt. LouisMLB
30%
Chicago White Stockings (2nd edition)ChicagoMLB
28%
Seattle PilotsMilwaukeeMLB
28%
Winnipeg JetsArizonaNHL
23%
Dallas TexansKansas CityNFL
21%
Washington Senators (1st edition)MinnesotaMLB
21%
Decatur StaleysChicagoNFL
19%
Buffalo BravesLos AngelesNBA
19%
Kansas City ScoutsNew JerseyNHL
19%
Syracuse NationalsPhiladelphiaNBA
19%
Washington Senators (2nd edition)TexasMLB
19%
New Jersey AmericansBrooklynNBA
16%
Denver RocketsDenverNBA
16%
Philadelphia QuakersPhiladelphiaMLB
16%
Dallas ChaparralsSan AntonioNBA
16%
New York GothamsSan FranciscoMLB
16%
Tri-Cities BlackhawksAtlantaNBA
14%
Boston Red StockingsAtlantaMLB
14%
Brooklyn AtlanticsLos AngelesMLB
14%
Allegheny Baseball ClubPittsburghMLB
14%
Portsmouth SpartansDetroitNFL
9%
Baltimore OriolesNew YorkMLB
9%
Rochester SeagramsSacramentoNBA
9%
Milwaukee BrewersBaltimoreMLB
7%
Chicago PackersWashingtonNBA
5%
Grand Rapids RustlersClevelandMLB
2%

Score Distribution

Percentile by Number Answered

Percent of People with Each Score

Your Score History

You have not taken this quiz